[Event "Cellavision Cup 2019"]
[Site "Lund"]
[Date "2019.08.03"]
[Round "5.15"]
[White "Olund, Joar"]
[Black "Unmack, Christian"]
[Result "1-0"]
[WhiteElo "2313"]
[BlackElo "2133"]
[Annotator "NA"]
[PlyCount "61"]
[EventDate "2019.08.02"]
[EventType "swiss"]
[EventCountry "SWE"]
[SourceTitle "playchess.com"]
[Source "ChessBase"]
[SourceQuality "1"]
[TimeControl "5400+30"]

1. d4 {[%emt 0:01:29]} Nf6 {[%emt 0:00:21]} 2. Bg5 {[%emt 0:00:13]} d5 {[%emt 0:00:07]} 3. Bxf6 {[%emt 0:00:05]} gxf6 {[%emt 0:00:05]} 4. e3 {[%emt 0:00:08]} e6 {[%emt 0:02:52]} 5. Nf3 {[%emt 0:02:58]} c6 {[%emt 0:04:11]} 6. c4 {[%emt 0:02:47]} b6 {[%emt 0:01:36]} 7. Bd3 {[%emt 0:09:45]} Bb7 {[%emt 0:02:02]} 8. Nc3 {[%emt 0:02:33]} Nd7 {[%emt 0:01:43]} 9. cxd5 {[%emt 0:02:22]} cxd5 {[%emt 0:03:27]} 10. e4 {[%emt 0:00:55]} dxe4 {[%emt 0:00:27]} 11. Bxe4 {[%emt 0:00:08]} Bxe4 {[%emt 0:00:52]} 12. Nxe4 {[%emt 0:00:04]} Bb4+ {[%emt 0:06:10]} 13. Nc3 {[%emt 0:00:29]} Qe7 {[%emt 0:02:14]} 14. Rc1 {[%emt 0:05:12]} Rd8 {[%emt 0:05:47]} 15. O-O {[%emt 0:04:44]} h5 {[%emt 0:18:04]} 16. Qe2 {[%emt 0:09:32]} Bd6 {[%emt 0:03:34]} 17. d5 {[%emt 0:02:23]} Ne5 {[%emt 0:04:39]} 18. dxe6 {[%emt 0:05:31]} fxe6 {[%emt 0:02:47]} 19. Rfd1 {[%emt 0:08:47]} Ng4 {[%emt 0:06:02]} 20. Ne4 {[%emt 0:03:54]} Bf4 {[%emt 0:01:06]} 21. Rxd8+ {[%emt 0:01:06]} Qxd8 {[%emt 0:01:54]} 22. Rd1 {[%emt 0:00:21]} Qc7 {[%emt 0:04:04]} 23. Nxf6+ {[%emt 0:03:26]} Nxf6 {[%emt 0:05:14]} 24. Qxe6+ {[%emt 0:00:10]} Qe7 {[%emt 0:00:11]} 25. Qc8+ {[%emt 0:00:07]} Kf7 {[%emt 0:00:03]} 26. Qxh8 {[%emt 0:00:08]} Qe2 {[%emt 0:08:05]} 27. Re1 {[%emt 0:02:01]} Qxb2 {[%emt 0:02:19]} 28. Qc8 {[%emt 0:00:51]} Qxa2 {[%emt 0:00:22]} 29. Qf5 {[%emt 0:01:01]} Qc4 {[%emt 0:02:42]} 30. g3 {[%emt 0:00:50]} Bd6 {[%emt 0:00:33]} 31. Re6 {[%emt 0:01:05]} 1-0

[Event "Cellavision Cup 2019"]
[Site "Lund"]
[Date "2019.08.03"]
[Round "5.16"]
[White "Kucuksari, Kaan"]
[Black "Eriksson, Kristian"]
[Result "1-0"]
[WhiteElo "2310"]
[BlackElo "2123"]
[Annotator "NA"]
[PlyCount "61"]
[EventDate "2019.08.02"]
[EventType "swiss"]
[EventCountry "SWE"]
[SourceTitle "playchess.com"]
[Source "ChessBase"]
[SourceQuality "1"]
[TimeControl "5400+30"]

1. d4 {[%emt 0:00:00]} e6 {[%emt 0:00:00]} 2. c4 {[%emt 0:00:00]} f5 {[%emt 0:00:17]} 3. Nf3 {[%emt 0:00:00]} Nf6 {[%emt 0:00:14]} 4. g3 {[%emt 0:00:00]} Be7 {[%emt 0:01:23]} 5. Bg2 {[%emt 0:00:05]} O-O {[%emt 0:00:08]} 6. O-O {[%emt 0:00:03]} d6 {[%emt 0:00:15]} 7. Nc3 {[%emt 0:00:06]} Qe8 {[%emt 0:00:37]} 8. b3 {[%emt 0:02:12]} Qh5 {[%emt 0:02:07]} 9. e3 {[%emt 0:02:09]} a5 {[%emt 0:06:47]} 10. Nd2 {[%emt 0:13:52]} Qg6 {[%emt 0:05:49]} 11. Bb2 {[%emt 0:05:32]} c6 {[%emt 0:06:02]} 12. d5 {[%emt 0:11:08]} e5 {[%emt 0:06:29]} 13. Nf3 {[%emt 0:04:31]} c5 {[%emt 0:14:39]} 14. Qe2 {[%emt 0:15:54]} Ne4 {[%emt 0:13:59]} 15. Nb5 {[%emt 0:04:24]} Bd7 {[%emt 0:07:16]} 16. Nc7 {[%emt 0:00:35]} Ra7 {[%emt 0:00:35]} 17. Ne1 {[%emt 0:05:44]} b6 {[%emt 0:03:26]} 18. Nb5 {[%emt 0:00:25]} Bxb5 {[%emt 0:01:10]} 19. cxb5 {[%emt 0:00:02]} Nd7 {[%emt 0:01:49]} 20. a4 {[%emt 0:00:18]} Rc7 {[%emt 0:05:39]} 21. Rc1 {[%emt 0:02:59]} Rfc8 {[%emt 0:06:59]} 22. Rc4 {[%emt 0:00:54]} Ng5 {[%emt 0:02:54]} 23. f4 {[%emt 0:03:31]} Nf7 {[%emt 0:01:19]} 24. e4 {[%emt 0:02:59]} fxe4 {[%emt 0:03:52]} 25. Bxe4 {[%emt 0:02:47]} Qh6 {[%emt 0:00:06]} 26. Bf5 {[%emt 0:06:56]} Rf8 {[%emt 0:00:51]} 27. Bc1 {[%emt 0:02:15]} Nd8 {[%emt 0:05:38]} 28. fxe5 {[%emt 0:05:17]} Bg5 {[%emt 0:00:07]} 29. exd6 {[%emt 0:01:34]} Rb7 {[%emt 0:01:10]} 30. Rh4 {[%emt 0:01:50]} Qf6 {[%emt 0:02:50]} 31. Bxh7+ {[%emt 0:00:17]} 1-0

[Event "Cellavision Cup 2019"]
[Site "Lund"]
[Date "2019.08.03"]
[Round "6.1"]
[White "Hector, Jonny"]
[Black "Kulaots, Kaido"]
[Result "1/2-1/2"]
[WhiteElo "2487"]
[BlackElo "2560"]
[Annotator "TA"]
[PlyCount "163"]
[EventDate "2019.08.02"]
[EventType "swiss"]
[EventCountry "SWE"]
[SourceTitle "playchess.com"]
[Source "ChessBase"]
[SourceQuality "1"]

{[%evp 16,163,37,-8,-7,-16,0,0,13,0,14,18,26,14,17,16,8,20,24,20,41,0,0,0,1,4,4,4,7,0,7,-37,-43,-35,-38,-34,-33,-35,-27,-18,-14,-31,12,7,7,8,0,0,7,0,34,27,31,22,26,16,31,31,62,54,63,62,64,67,144,62,67,22,15,0,36,36,67,70,81,80,185,186,165,35,42,39,35,36,31,39,38,31,63,27,105,103,126,127,126,131,133,126,172,170,169,169,141,133,226,0,148,0,71,83,140,133,133,118,133,133,153,8,79,79,93,86,444,449,374,106,160,160,171,72,72,72,72,68,68,68,72,72,72,69,69,20,20,0,0,0,0,0,0,0]} 1. e4 c5 2. Nf3 d6 3. d4 cxd4 4. Nxd4 Nf6 5. Nc3 a6 6. Bg5 e6 7. f4 Qb6 8. Nb3 Nbd7 9. Qd2 (9. Qe2 {feels hotter.} Qc7 10. a3 Be7 11. O-O-O b5 12. g4) 9... Qc7 {B97: Sicilian Najdorf: Poisoned Pawn} 10. O-O-O Be7 11. g4 h6 12. Bh4 $146 ({Predecessor:} 12. Bxf6 Nxf6 13. a3 b5 14. Bg2 Rb8 15. Bf3 a5 16. h4 b4 17. axb4 axb4 18. Ne2 Bb7 19. Qd3 Nd7 20. Ned4 O-O 21. g5 Nc5 22. Qe2 Ra8 {0-1 (22) Wilhelmi,D (2450)-Fenwick,C (2588) ICCF email 2014}) 12... g5 (12... b5 {with more complications.} 13. a3 Bb7 14. Bg2 g5 15. e5 gxh4 16. exf6 Nxf6 17. Bxb7 Qxb7 18. Qe2 O-O-O) 13. e5 (13. fxg5 Nxg4 14. Rg1 Nge5 $15) 13... gxh4 14. exd6 {[#]} Bxd6 $1 {[%mdl 512]} 15. Qxd6 Qxd6 16. Rxd6 Nxg4 17. Bg2 Ke7 18. Rd4 {[%mdl 1024] White has compensation.} h3 19. Bf1 Ndf6 20. Rd2 Rd8 21. Re2 b6 22. Bxh3 Bb7 $132 {[%mdl 2048] Black puts up resistance} 23. Rg1 Bf3 24. Ree1 {Strongly threatening Ref1.} Nxh2 25. f5 {[%cal Rf5e6] [#]} e5 $1 {[%mdl 512]} 26. Rxe5+ Kf8 27. Re3 Bc6 28. Bg2 Rac8 29. Rh3 Nhg4 $1 30. Bxc6 Rxc6 31. Ne2 Rcd6 32. c3 Re8 33. Nbd4 b5 34. a3 Re4 35. Rh4 Ke7 36. Ng3 Re3 37. Nh5 Ne5 38. Nxf6 Rxf6 39. Rgh1 Rg3 ({Black should try} 39... h5 $14) 40. Rxh6 (40. Re1 $16 Kd6 41. Nxb5+ axb5 42. Rd4+ Kc6 43. Rxe5) 40... Rg1+ 41. Rxg1 (41. Kc2 $5 {[%cal Rh6f6]}) 41... Rxh6 $14 {[%mdl 4096] Endgame KRN-KRN} 42. Rg2 Kf6 43. Kc2 Rh1 44. Kb3 Nd3 45. Rg3 Nf4 (45... Ne5 $16 {might work better.}) 46. Kb4 $1 $18 Rh2 47. b3 (47. Ka5 $1 $18) 47... Ra2 $1 $14 48. a4 bxa4 49. bxa4 Nd5+ $1 50. Kb3 Ra1 51. Rh3 {Hoping for Rh6+.} Ke5 52. Rh6 a5 (52... Nf6 $11) 53. Nc6+ $16 Kxf5 54. Rh5+ (54. Nxa5 $6 Nxc3 55. Kxc3 Rxa4 $11) 54... Ke6 55. Nd8+ $1 (55. Nxa5 $6 Nxc3 56. Rh6+ Kf5 $11) 55... Kd6 56. Nxf7+ Kc6 57. Nd8+ $1 Kd6 {[#]} 58. Nb7+ $1 Ke6 59. Rh6+ (59. Nxa5 $6 Nxc3 60. Kxc3 Rxa4 $14) 59... Ke5 (59... Kf7 $16 {is a better defense.}) 60. Rh5+ ({Resist} 60. Nxa5 Nxc3 61. Nc6+ (61. Kxc3 Rxa4 62. Nc4+ Kf5 $14) 61... Kf4) 60... Ke6 61. Nd8+ ({Don't play} 61. Nxa5 $6 Nxc3 62. Kxc3 Rxa4 $14) (61. Kb2 $142 Rg1 62. Nxa5) 61... Kd6 62. c4 Nb4 (62... Nc7 $142 63. Rh7 (63. Rxa5 Rf1 $16) 63... Rb1+ 64. Kc3 Rc1+ 65. Kb3 Rb1+ 66. Kc3 Rc1+ 67. Kd3 Na6) 63. Nb7+ Kc7 64. Nxa5 Rb1+ 65. Kc3 Na2+ 66. Kd4 (66. Kc2 $16 Rf1 67. c5) 66... Rb4 (66... Kb6 $11 {keeps the balance.}) 67. Kc5 {aiming for Rh7+.} Rxa4 68. Rh7+ Kd8 $2 {[%mdl 8192] [#]} (68... Kc8 $16 {is tougher.}) 69. Nc6+ $1 $18 Ke8 70. Re7+ (70. Rh3 $18 {Kb5 is the strong threat.} Kf7 71. Kb5) 70... Kf8 $16 71. Re3 Nc1 72. Kd5 (72. Rf3+ $18 Kg7 73. Kd5) 72... Ra2 73. c5 Rd2+ 74. Kc4 {Black must now prevent Nd4.} Rc2+ $1 75. Kb5 $1 Ne2 76. Ne5 Nd4+ 77. Kb4 Ne6 78. c6 Nd4 {The position is equal.} 79. Re1 Nxc6+ 80. Kb3 Nd4+ 81. Kb4 Nc6+ 82. Nxc6 {Accuracy: White = 51%, Black = 55%.} 1/2-1/2

[Event "Cellavision Cup 2019"]
[Site "Lund"]
[Date "2019.08.03"]
[Round "6.2"]
[White "Marin, Mihail"]
[Black "Shirov, Alexei"]
[Result "0-1"]
[WhiteElo "2525"]
[BlackElo "2658"]
[Annotator "TA"]
[PlyCount "34"]
[EventDate "2019.08.02"]
[EventType "swiss"]
[EventCountry "SWE"]
[SourceTitle "playchess.com"]
[Source "ChessBase"]
[SourceQuality "1"]

{[%evp 9,42,-8,0,-30,0,-33,20,-53,-35,-106,-99,-109,-105,-114,-143,-105,-118,-264,-197,-328,-309,-386,-350,-539,-607,-561,-505,-1303,-1297,-1668,-1391,-1846,-1741,-1671,-1556]} 1. f4 b5 2. e4 Bb7 3. d3 d5 $146 ({Predecessor:} 3... c5 4. Nf3 e6 5. Qe2 Nf6 6. e5 Nd5 7. c4 Nc7 8. Nc3 d5 9. exd6 Bxd6 {1-0 (76) Nguyen,P (2393)-Kunin,V (2555) Vilnius 2018}) 4. Qe2 dxe4 5. dxe4 a6 $1 6. Nh3 {A02: Bird's Opening} e5 7. a4 Nc6 (7... Bd6 $15) 8. c3 (8. axb5 $11 Nd4 9. Qd3 Nxb5 10. fxe5) 8... Nf6 $15 9. axb5 ({White should try} 9. Nd2 $15) 9... axb5 $17 10. Rxa8 Qxa8 11. fxe5 Nxe5 12. Qxb5+ Nfd7 13. Nd2 (13. Bf4 $17) 13... Bc5 $19 ({Less strong is} 13... Bxe4 14. Nxe4 Qxe4+ 15. Kd1 $17) 14. Nf2 (14. Nc4 {keeps fighting.} Ba6 15. Nd6+ Bxd6 16. Qxa6 Qxe4+ 17. Qe2) 14... O-O 15. Qe2 f5 16. Kd1 (16. h4 $142) 16... Qa4+ {Black is clearly winning.} 17. b3 Qa7 {Played: Qa4-a1} 0-1

[Event "Cellavision Cup 2019"]
[Site "Lund"]
[Date "2019.08.03"]
[Round "6.3"]
[White "Akesson, Ralf"]
[Black "Kryakvin, Dmitry"]
[Result "0-1"]
[WhiteElo "2365"]
[BlackElo "2586"]
[Annotator "TA"]
[PlyCount "119"]
[EventDate "2019.08.02"]
[EventType "swiss"]
[EventCountry "SWE"]
[SourceTitle "playchess.com"]
[Source "ChessBase"]
[SourceQuality "1"]

{[%evp 9,119,32,37,25,41,33,42,24,50,20,20,20,17,17,29,23,16,16,22,36,34,31,35,0,0,0,0,0,0,-18,0,-9,18,0,0,0,15,0,0,0,2,0,0,0,0,0,0,-18,0,0,0,0,0,0,0,0,0,0,0,0,0,0,0,0,0,0,0,0,0,0,0,0,0,0,0,0,0,0,0,0,0,0,-22,-29948,-1779,-29962,-29965,-29972,-29968,-29973,-29971,-29970,-29970,-29966,-2202,-29977,-29978,-29978,-29979,-29979,-29980,-29980,-29981,-29981,-29982,-29982,-29983,-29985,-29986,-29986,-29987,-29983]} 1. Nf3 d5 2. d4 Nf6 3. c4 dxc4 4. e3 b5 5. a4 b4 6. Bxc4 {D25: Queen's Gambit Accepted: 4 e3: sidelines and 4...Bg4} e6 7. O-O (7. a5 a6 8. Nbd2 Bb7 9. O-O c5 10. Nb3 Nbd7 11. dxc5 Nxc5 12. Nxc5 Bxc5 {1-0 (45) Bluebaum,M (2631)-Anand,V (2776) Karlsruhe/Baden-Baden 2018}) 7... Be7 8. Nbd2 {White is slightly better.} Nbd7 9. b3 O-O 10. Bb2 Bb7 11. Rc1 $146 ({Predecessor:} 11. Qe2 c5 {½-½ (26) Akesson,R (2457)-Alle,A (2232) Malmo 2014}) 11... c5 12. Qe2 Rc8 13. Ba6 Qb6 14. Bxb7 Qxb7 15. Nc4 Qa6 16. Nfe5 cxd4 17. Bxd4 Nxe5 18. Bxe5 Nd7 19. Bb2 Nc5 20. Qc2 Rfd8 21. Bd4 Nd7 22. Qe4 f6 (22... Bf6 {is interesting.} 23. Nd2 Rxc1 24. Rxc1 e5 25. Ba1 Qd6) 23. f4 f5 24. Qb1 Bf6 25. Rfd1 Bxd4 26. Rxd4 Nf6 27. Rcd1 Rd5 28. Qb2 h6 29. h3 Rcc5 30. Rxd5 exd5 31. Qe5 Rc6 32. Rxd5 $1 ({Don't go for} 32. Qxf5 $2 dxc4 33. bxc4 (33. Rd8+ $2 Kf7 $19) 33... Qb6 $19) 32... Nxd5 33. Qxd5+ Kh8 34. Qxf5 Rxc4 35. bxc4 Qxc4 $11 {[%mdl 4096] Endgame KQ-KQ} 36. Qf8+ Kh7 37. f5 b3 38. f6 gxf6 39. Qxf6 Kg8 40. a5 a6 41. e4 Qxe4 42. Qd8+ Kf7 {[#] ...Qe1+ is the strong threat.} 43. Qd7+ Qe7 44. Qf5+ Qf6 45. Qh7+ Kf8 {aiming for ...b2.} 46. Qc7 $2 {[%mdl 8192] [#]} (46. Qe4 $11) 46... Qd4+ $1 47. Kh2 b2 48. Qc8+ Ke7 49. Qc7+ Ke6 50. Qc8+ Ke5 51. Qe8+ Kf4 (51... Kd6 $142 52. Qb8+ Kc5 53. Qa7+ Kc4 54. Qxa6+ Kb3 55. Qe6+ Ka3 56. Qe1 Ka2 57. Qe2 Ka1 58. Qf3 Qd6+ 59. g3 Qd2+ 60. Qg2 Qxa5 61. Qf1+ b1=Q 62. Qf2 Qaa2 63. Qxa2+ Qxa2+ 64. Kg1 Qe2 65. g4 Kb2 66. h4 Kc2 67. g5 Kd2 68. g6 Ke1 69. h5 Qf2+ 70. Kh1 Kf1 71. g7 Qh4#) 52. Qf7+ Ke3 {Black mates.} 53. Qe6+ Kf2 54. Qf5+ Ke1 55. Qc2 Qf4+ 56. Kg1 Qc1 57. Qe4+ Kd2+ 58. Kf2 b1=Q 59. Qe2+ Kc3 60. Qe5+ {Accuracy: White = 61%, Black = 66%.} 0-1

[Event "Cellavision Cup 2019"]
[Site "Lund"]
[Date "2019.08.03"]
[Round "6.4"]
[White "Burg, Twan"]
[Black "Seo, Jung Min"]
[Result "1-0"]
[WhiteElo "2526"]
[BlackElo "2399"]
[Annotator "TA"]
[PlyCount "149"]
[EventDate "2019.08.02"]
[EventType "swiss"]
[EventCountry "SWE"]
[SourceTitle "playchess.com"]
[Source "ChessBase"]
[SourceQuality "1"]

{[%evp 9,149,18,17,12,18,17,18,20,21,22,20,6,9,9,0,7,17,12,21,14,20,6,19,18,20,22,17,16,19,13,26,10,4,11,22,0,0,0,0,0,0,0,0,0,0,-46,-49,-98,-71,-100,-66,-60,-58,-67,-31,-102,-76,-102,-109,-96,-101,-115,-109,-119,-50,-63,-58,-59,-72,-57,-61,-75,-55,-95,-87,-116,-52,-56,-19,-31,-31,-40,-20,-26,0,0,16,22,48,48,50,53,191,47,186,187,220,233,220,215,216,232,233,232,224,230,223,222,245,240,393,339,584,639,29961,29963,29958,12527,29967,29968,29968,29968,29967,29968,29971,29971,29972,29973,29973,29973,29977,29976,29977,29977,29977,29977,29977,29977,29976,29977,29989,29990]} 1. e4 e5 2. Nf3 Nf6 3. Nxe5 d6 4. Nd3 Nxe4 5. Qe2 Qe7 6. Nf4 {C42: Petroff Defence: 3 Nxe5 and unusual White 3rd moves} Nc6 {[%cal Bb8c6,Bc6d4,Bd4e2][%mdl 32] Strongly threatening ...Nd4.} 7. Nd5 Nd4 {[%mdl 64] Hoping for ...Qe5. Double Attack} 8. Nxe7 {The position is equal.} Nxe2 9. Nd5 Nd4 $1 {[%cal Rd4c2]} 10. Na3 Ne6 11. f3 N4c5 12. d4 $146 Nd7 13. c3 c6 14. Nf4 Nb6 15. Bd3 d5 16. Nc2 Bd6 17. Nxe6 Bxe6 18. Kf2 Nc8 19. h4 h5 20. Ne3 Ne7 21. g3 c5 22. dxc5 Bxc5 23. Kg2 d4 24. cxd4 Bxd4 25. Nc2 Bf6 26. Bg5 Bxg5 27. hxg5 O-O-O 28. Ne1 Nc6 29. a3 Ne5 $36 {[%mdl 2048] Black has some pressure.} 30. Rc1+ Kb8 31. Rc3 Rd6 32. Rh4 (32. Kg1 $15) 32... Rhd8 {[%cal Re5d3]} 33. Be2 Rd2 34. Kf1 g6 35. Re4 Nc6 $1 36. Nd3 {next Ke1 is good for White.} Bf5 (36... Nd4 $1 $17 {[%cal Rd4e2]} 37. Nf4 Bf5) 37. Ke1 $15 {[#]} Rxe2+ $1 {[%mdl 512]} 38. Kxe2 Bxe4 39. fxe4 {[%mdl 4096] Endgame KRN-KRN} Nd4+ $1 40. Ke3 Ne6 41. Nb4 Nxg5 42. Kf4 f6 ({Better is} 42... Nh3+ $17 43. Ke3 Rd1) 43. Nd5 Ne6+ 44. Ke3 f5 45. Ne7 fxe4 46. Kxe4 Nf8 {...Re8 is the strong threat.} 47. Ke5 a6 48. Kf6 Rd6+ 49. Kg7 {Threatens to win with Rc8+.} Ne6+ 50. Kxg6 Rd7 ({Black should play} 50... Rb6 $14) 51. Rc8+ $18 Ka7 52. Re8 $1 {And now Nc8+ would win.} Rd3 53. Nc8+ {[%mdl 64] Discovered Attack} Kb8 54. Nd6+ $1 ({Stronger than} 54. Rxe6 Kxc8 55. Re7 Rxg3+ 56. Kxh5 Rg2 $11) 54... Nd8 55. Rxd8+ {KRN-KR} Kc7 {[#]} 56. Rc8+ $1 Kd7 {[#]} 57. Rc3 $1 {[%cal Rc3d3]} ({Don't do} 57. Kxh5 $6 Rxd6 58. Rc2 Rd5+ 59. Kg6 Rd6+ 60. Kg7 Rd4 $16) 57... Rxd6+ 58. Kxh5 {KR-KR} Rd2 59. b4 Rd5+ $2 (59... Rh2+ {was necessary.} 60. Kg5 Rh3) 60. Kg6 a5 $2 (60... Rd6+ {might work better.} 61. Kf5 Rd5+ 62. Kf6 Rd4) 61. bxa5 Rxa5 62. g4 Ke7 63. g5 Kf8 64. Rc8+ {White mates.} Ke7 65. Rc7+ Kf8 66. Rxb7 Rxa3 67. Rb8+ Ke7 68. Kg7 Rg3 69. g6 Rh3 70. Rb1 Re3 71. Rg1 Ke8 72. Kh8 Rh3+ 73. Kg8 Ke7 74. g7 Re3 75. Kh7 {Accuracy: White = 79%, Black = 47%.} 1-0

[Event "Cellavision Cup 2019"]
[Site "Lund"]
[Date "2019.08.03"]
[Round "6.5"]
[White "Dourerassou, Jonathan"]
[Black "Popilski, Gil"]
[Result "0-1"]
[WhiteElo "2477"]
[BlackElo "2467"]
[Annotator "ChessBase"]
[PlyCount "88"]
[EventDate "2019.08.02"]
[EventType "swiss"]
[EventCountry "SWE"]
[SourceTitle "playchess.com"]
[Source "ChessBase"]
[SourceQuality "1"]
[TimeControl "5400+30"]

1. e4 {[%emt 0:00:00]} c5 {[%emt 0:12:59]} 2. Nf3 {[%emt 0:00:00]} d6 {[%emt 0:01:22]} 3. d4 {[%emt 0:00:01]} Nf6 {[%emt 0:00:04]} 4. Nc3 {[%emt 0:00:11]} cxd4 {[%emt 0:00:04]} 5. Nxd4 {[%emt 0:00:07]} a6 {[%emt 0:00:03]} 6. g3 {[%emt 0:00:15]} e6 {[%emt 0:01:35]} 7. Bg2 {[%emt 0:00:07]} Be7 {[%emt 0:00:02]} 8. O-O {[%emt 0:00:09]} O-O {[%emt 0:00:04]} 9. Be3 {[%emt 0:00:14]} Qc7 {[%emt 0:02:26]} 10. Qe2 {[%emt 0:00:37]} Nc6 {[%emt 0:00:24]} 11. Rad1 {[%emt 0:00:42]} Bd7 {[%emt 0:00:58]} 12. f4 {[%emt 0:01:08]} b5 {[%emt 0:04:52]} 13. Nb3 {[%emt 0:02:57]} b4 {[%emt 0:09:08]} 14. Na4 {[%emt 0:11:09]} Rab8 {[%emt 0:00:58]} 15. e5 {[%emt 0:07:28]} Nd5 {[%emt 0:05:57]} 16. exd6 {[%emt 0:03:31]} Bxd6 {[%emt 0:00:15]} 17. Nac5 {[%emt 0:04:07]} Nxe3 {[%emt 0:01:39]} 18. Qxe3 {[%emt 0:01:01]} Bc8 {[%emt 0:00:18]} 19. Rd3 {[%emt 0:17:21]} Na5 {[%emt 0:06:46]} 20. Qd4 {[%emt 0:13:03]} Be7 {[%emt 0:04:12]} 21. Rfd1 {[%emt 0:02:42]} Rb5 {[%emt 0:13:50]} 22. Ne4 {[%emt 0:04:48]} Rd5 {[%emt 0:05:26]} 23. Qe3 {[%emt 0:01:17]} Nc4 {[%emt 0:05:51]} 24. Qc1 {[%emt 0:01:30]} Qb6+ {[%emt 0:00:07]} 25. Nf2 {[%emt 0:01:22]} Rxd3 {[%emt 0:00:25]} 26. Rxd3 {[%emt 0:00:44]} Bf6 {[%emt 0:00:26]} 27. c3 {[%emt 0:00:53]} bxc3 {[%emt 0:00:20]} 28. bxc3 {[%emt 0:00:07]} Rd8 {[%emt 0:00:35]} 29. Rxd8+ {[%emt 0:04:03]} Bxd8 {[%emt 0:01:43]} 30. Bf3 {[%emt 0:01:03]} Bf6 {[%emt 0:02:06]} 31. Qd1 {[%emt 0:03:09]} Bxc3 {[%emt 0:02:02]} 32. Qd3 {[%emt 0:10:21]} Be1 {[%emt 0:00:14]} 33. Kh1 {[%emt 0:00:19]} Nd6 {[%emt 0:03:08]} 34. Ne4 {[%emt 0:01:12]} Nxe4 {[%emt 0:00:43]} 35. Bxe4 {[%emt 0:00:50]} g6 {[%emt 0:01:34]} 36. Nd4 {[%emt 0:00:53]} Bb7 {[%emt 0:02:27]} 37. Nf3 {[%emt 0:01:29]} Ba5 {[%emt 0:00:49]} 38. Ne5 {[%emt 0:01:31]} Bxe4+ {[%emt 0:05:15]} 39. Qxe4 {[%emt 0:00:06]} Qf2 {[%emt 0:00:13]} 40. Qf3 {[%emt 0:02:25]} Qxa2 {[%emt 0:00:11]} 41. Qa8+ {[%emt 0:01:59]} Kg7 {[%emt 0:00:01]} 42. Qxa6 {[%emt 0:00:30]} Qd5+ {[%emt 0:01:09]} 43. Kg1 {[%emt 0:00:10]} Bc3 {[%emt 0:03:32]} 44. Ng4 {[%emt 0:02:42]} Qd1+ {[%emt 0:00:08]} 0-1

[Event "Cellavision Cup 2019"]
[Site "Lund"]
[Date "2019.08.03"]
[Round "6.6"]
[White "Kucuksari, Kaan"]
[Black "Blomqvist, Erik"]
[Result "0-1"]
[WhiteElo "2310"]
[BlackElo "2492"]
[Annotator "ChessBase"]
[PlyCount "66"]
[EventDate "2019.08.02"]
[EventType "swiss"]
[EventCountry "SWE"]
[SourceTitle "playchess.com"]
[Source "ChessBase"]
[SourceQuality "1"]
[TimeControl "5400+30"]

1. d4 {[%emt 0:00:00]} d5 {[%emt 0:00:01]} 2. Nf3 {[%emt 0:00:00]} Nf6 {[%emt 0:00:17]} 3. c4 {[%emt 0:00:00]} e6 {[%emt 0:00:14]} 4. g3 {[%emt 0:00:00]} Bb4+ {[%emt 0:00:57]} 5. Bd2 {[%emt 0:00:00]} a5 {[%emt 0:00:29]} 6. Bg2 {[%emt 0:00:54]} O-O {[%emt 0:00:16]} 7. Qc2 {[%emt 0:02:43]} c5 {[%emt 0:01:11]} 8. cxd5 {[%emt 0:07:48]} cxd4 {[%emt 0:00:08]} 9. Nxd4 {[%emt 0:01:24]} Qb6 {[%emt 0:00:26]} 10. Nf3 {[%emt 0:08:19]} exd5 {[%emt 0:00:27]} 11. O-O {[%emt 0:01:36]} Nc6 {[%emt 0:00:39]} 12. a3 {[%emt 0:09:04]} Be7 {[%emt 0:04:42]} 13. Rd1 {[%emt 0:05:33]} d4 {[%emt 0:02:40]} 14. Bg5 {[%emt 0:04:45]} Be6 {[%emt 0:06:06]} 15. Nbd2 {[%emt 0:02:59]} Rac8 {[%emt 0:00:44]} 16. Rac1 {[%emt 0:00:55]} Rfd8 {[%emt 0:02:28]} 17. Qb1 {[%emt 0:07:36]} h6 {[%emt 0:01:53]} 18. Bxf6 {[%emt 0:01:36]} Bxf6 {[%emt 0:00:07]} 19. Nc4 {[%emt 0:02:11]} Qa6 {[%emt 0:10:41]} 20. Qd3 {[%emt 0:01:18]} Nb4 {[%emt 0:07:21]} 21. axb4 {[%emt 0:00:56]} Bxc4 {[%emt 0:00:49]} 22. Qf5 {[%emt 0:07:33]} Be6 {[%emt 0:08:06]} 23. Qe4 {[%emt 0:13:48]} Bd5 {[%emt 0:04:00]} 24. Qd3 {[%emt 0:02:30]} Bc4 {[%emt 0:12:08]} 25. Qf5 {[%emt 0:01:56]} b6 {[%emt 0:01:04]} 26. Bf1 {[%emt 0:05:46]} axb4 {[%emt 0:02:31]} 27. Nd2 {[%emt 0:00:01]} Be6 {[%emt 0:06:12]} 28. Qd3 {[%emt 0:01:20]} Qa2 {[%emt 0:01:44]} 29. Rxc8 {[%emt 0:02:57]} Rxc8 {[%emt 0:00:49]} 30. Ne4 {[%emt 0:01:45]} Be7 {[%emt 0:00:47]} 31. Qd2 {[%emt 0:05:19]} f5 {[%emt 0:00:41]} 32. Bh3 {[%emt 0:00:48]} fxe4 {[%emt 0:00:17]} 33. b3 {[%emt 0:00:05]} Qxb3 {[%emt 0:00:26]} 0-1